[Event "Fagernes Norsk op-B"]
[Site "Fagernes"]
[Date "2015.03.29"]
[Round "1"]
[White "Berg Olsen, Sebastian N"]
[Black "Tangelder, Yonne"]
[Result "0-1"]
[WhiteElo "1342"]
[BlackElo "1875"]
[PlyCount "84"]
[EventDate "2015.03.29"]
[EventType "swiss"]
[EventRounds "9"]
[EventCountry "NOR"]
[SourceTitle "EXT 2016"]
[Source "ChessBase"]
[SourceDate "2015.10.08"]
[SourceVersion "1"]
[SourceVersionDate "2015.10.08"]
[SourceQuality "1"]

1. e4 e5 2. Nf3 Nc6 3. d4 exd4 4. Nxd4 Bb4+ 5. c3 Bc5 6. Be3 Bb6 7. Bc4 Nge7 8. Nxc6 bxc6 9. Bd4 0-0 10. Nd2 d5 11. Bb3 c5 12. Be3 d4 13. Bg5 Qd7 14. Nc4 Ng6 15. Nxb6 axb6 16. f3 h6 17. Bd2 Ba6 18. c4 f5 19. 0-0 fxe4 20. fxe4 Rxf1+ 21. Qxf1 Rf8 22. Qd3 Qe6 23. Rf1 Rxf1+ 24. Qxf1 Qxe4 25. Qf3 Qxf3 26. gxf3 Kf7 27. Bc2 Bxc4 28. b3 Bd5 29. f4 Nh4 30. Bd1 Nf3+ 31. Bxf3 Bxf3 32. f5 b5 33. Kf2 Bd5 34. Bf4 c4 35. bxc4 bxc4 36. Bxc7 Kf6 37. Bb6 Ke5 38. Ba5 Kxf5 39. Bb4 g6 40. Bc5 Ke4 41. Ke2 c3 42. a3 d3+ 0-1

[Event "Fagernes Norsk op-B"]
[Site "Fagernes"]
[Date "2015.03.29"]
[Round "6"]
[White "Berg Olsen, Sebastian N"]
[Black "Tenold, Andreas"]
[Result "0-1"]
[WhiteElo "1342"]
[BlackElo "1466"]
[PlyCount "98"]
[EventDate "2015.03.29"]
[EventType "swiss"]
[EventRounds "9"]
[EventCountry "NOR"]
[SourceTitle "EXT 2016"]
[Source "ChessBase"]
[SourceDate "2015.10.08"]
[SourceVersion "1"]
[SourceVersionDate "2015.10.08"]
[SourceQuality "1"]

1. d4 f5 2. Nc3 Nf6 3. Bg5 e6 4. e4 fxe4 5. Nxe4 Be7 6. Nxf6+ Bxf6 7. Bxf6 Qxf6 8. Nf3 0-0 9. Be2 d6 10. Qd3 e5 11. dxe5 dxe5 12. Qb3+ Kh8 13. Qc3 Nc6 14. 0-0-0 Be6 15. Kb1 a5 16. Bb5 Rfe8 17. Rhe1 e4 18. Qxf6 gxf6 19. Nd4 Bd5 20. c4 Bf7 21. Nxc6 bxc6 22. Bxc6 Bg6 23. Bxa8 Rxa8 24. Re3 f5 25. g3 Rf8 26. f3 exf3 27. Re7 f4+ 28. Kc1 fxg3 29. hxg3 f2 30. Rf1 Bd3 31. Rxf2 Rxf2 32. Rxc7 Rc2+ 33. Kd1 Rxc4 34. Rxc4 Bxc4 35. b3 Bb5 36. a4 Bd7 37. Kd2 Be6 38. Kc3 Kg7 39. b4 axb4+ 40. Kxb4 Bd5 41. a5 Kg6 42. Kc5 Bf3 43. Kd4 Kg5 44. Ke3 Kg4 45. Kf2 h5 46. a6 Bd5 47. a7 Bc6 48. Kg1 Kxg3 49. Kf1 h4 0-1